| 000 | 00795nas a2200277 4500 | ||
|---|---|---|---|
| 001 | BR2012001722 | ||
| 003 | BR-BrBNA | ||
| 005 | 20231205120257.0 | ||
| 007 | ta | ||
| 008 | 230509b bl.|||p| |||| 00| 00por d | ||
| 040 |
_aBR-BrBNA _bpor _cBiblioteca Nacional de Agricultura |
||
| 041 | _a(Pt) | ||
| 072 | _aL73 | ||
| 100 | 1 | _aHeres, T. | |
| 100 | 1 | _aMores, T.J. | |
| 100 | 1 | _aBorowski, S.M. | |
| 100 | 1 | _aBarcellos, D.E.S.N. | |
| 245 | 1 | _aAspectos atuais sobre a pasteurelose pulmonar em suínos | |
| 650 | _aSUÍNO | ||
| 650 | _aPASTEURELOSE | ||
| 650 | _aDOENÇA ANIMAL | ||
| 650 | _aBACTÉRIA | ||
| 773 | 0 |
_tA Hora Veterinária (Brazil) _xISSN 0101-9163 _g(Nov-Dec 2008), v. 28(166) p. 56-59 _wBR2012001722 |
|
| 909 |
_a202311 _bLúcia _c55 _dLúcia Elande |
||
| 942 |
_2AGRIS _n0 _cANA |
||
| 999 |
_c217711 _d217711 |
||